| 000 -LEADER |
| fixed length control field |
01986cam a22003857a 4500 |
| 001 - CONTROL NUMBER |
| control field |
18697923 |
| 003 - CONTROL NUMBER IDENTIFIER |
| control field |
OSt |
| 005 - DATE AND TIME OF LATEST TRANSACTION |
| control field |
20230823143748.0 |
| 008 - FIXED-LENGTH DATA ELEMENTS--GENERAL INFORMATION |
| fixed length control field |
150713s2014 enka 000 0aeng |
| 010 ## - LIBRARY OF CONGRESS CONTROL NUMBER |
| LC control number |
2015410443 |
| 020 ## - INTERNATIONAL STANDARD BOOK NUMBER |
| International Standard Book Number |
9780194237956 |
| 020 ## - INTERNATIONAL STANDARD BOOK NUMBER |
| International Standard Book Number |
0194237958 |
| 035 ## - SYSTEM CONTROL NUMBER |
| System control number |
(OCoLC)ocn910615840 |
| 040 ## - CATALOGING SOURCE |
| Original cataloging agency |
Nz |
| Language of cataloging |
eng |
| Transcribing agency |
Z0P |
| Modifying agency |
OCLCO |
| -- |
DLC |
| -- |
KH8 |
| 042 ## - AUTHENTICATION CODE |
| Authentication code |
lccopycat |
| 082 04 - DEWEY DECIMAL CLASSIFICATION NUMBER |
| Classification number |
629.130 HAR |
| Edition number |
23 |
| 100 1# - MAIN ENTRY--PERSONAL NAME |
| Personal name |
Hardy-Gould, Janet, |
| Relator term |
author. |
| 245 10 - TITLE STATEMENT |
| Title |
Amelia Earhart / |
| Statement of responsibility, etc. |
Janet Hardy-Gould ; illustrated by Simon Gurr. |
| 264 #1 - PRODUCTION, PUBLICATION, DISTRIBUTION, MANUFACTURE, AND COPYRIGHT NOTICE |
| Place of production, publication, distribution, manufacture |
Oxford : |
| Name of producer, publisher, distributor, manufacturer |
Oxford University Press, |
| Date of production, publication, distribution, manufacture, or copyright notice |
2014. |
| 300 ## - PHYSICAL DESCRIPTION |
| Extent |
66 pages : |
| Other physical details |
illustrations, maps ; |
| Dimensions |
21 cm. |
| 336 ## - CONTENT TYPE |
| Content type term |
text |
| Content type code |
txt |
| Source |
rdacontent |
| 337 ## - MEDIA TYPE |
| Media type term |
unmediated |
| Media type code |
n |
| Source |
rdamedia |
| 338 ## - CARRIER TYPE |
| Carrier type term |
volume |
| Carrier type code |
nc |
| Source |
rdacarrier |
| 490 1# - SERIES STATEMENT |
| Series statement |
Oxford bookworms library. True stories ; |
| Volume/sequential designation |
2 |
| 520 ## - SUMMARY, ETC. |
| Summary, etc. |
Classics, modern fiction, non-fiction and more. Written for secondary and adult students the Oxford Bookworms Library has seven reading levels from A1-C1 of the CEFR. I want to learn to fly, ' Amelia Earhart tells her family one evening. But it is 1920. Flying is expensive and dangerous, and most people think it is for men, not women. But nothing can stop Amelia Earhart, and she works hard to be a pilot. Soon, she is breaking records for flying further and higher than anyone before. She shows the world that anything is possible - for women and not just men. Life is always exciting for Amelia Earhart. At forty-one, she is nearly ready to slow down, but she wants to make one last important flight. |
| 600 10 - SUBJECT ADDED ENTRY--PERSONAL NAME |
| Personal name |
Earhart, Amelia, |
| Dates associated with a name |
1897-1937. |
| 650 #0 - SUBJECT ADDED ENTRY--TOPICAL TERM |
| Topical term or geographic name entry element |
Women air pilots |
| Geographic subdivision |
United States |
| Form subdivision |
Biography. |
| 650 #0 - SUBJECT ADDED ENTRY--TOPICAL TERM |
| Topical term or geographic name entry element |
Readers for new literates. |
| 655 #0 - INDEX TERM--GENRE/FORM |
| Genre/form data or focus term |
Readers (Adult) |
| 700 1# - ADDED ENTRY--PERSONAL NAME |
| Personal name |
Gurr, Simon, |
| Relator term |
illustrator. |
| 830 #0 - SERIES ADDED ENTRY--UNIFORM TITLE |
| Uniform title |
Oxford bookworms library. |
| Name of part/section of a work |
True stories ; |
| Volume/sequential designation |
2. |
| 906 ## - LOCAL DATA ELEMENT F, LDF (RLIN) |
| a |
7 |
| b |
cbc |
| c |
copycat |
| d |
2 |
| e |
ncip |
| f |
20 |
| g |
y-gencatlg |
| 942 ## - ADDED ENTRY ELEMENTS (KOHA) |
| Source of classification or shelving scheme |
|
| Koha item type |
Teaching Resources |